| 000 | 00786cam a2200241 a 4500 | ||
|---|---|---|---|
| 001 | 000008471 | ||
| 005 | 20200929161340.0 | ||
| 008 | 931026s1985 sp 001 1 spa c | ||
| 020 | _a8401903130 | ||
| 040 |
_aDO-SdBNP _bspa _cLC _dBNPHU |
||
| 082 |
_aU863.44 _bP441t |
||
| 100 | 1 |
_aPeri Rossi, Cristina, _d1941- _922780 |
|
| 245 | 1 | 3 |
_aLa tarde del dinosaurio / _cCristina Peri Rossi ; [prólogo Julio Cortazar]. |
| 260 |
_aBarcelona : _bPlaza & Janés, _c1985. |
||
| 300 |
_a148 p. ; _c18 cm. |
||
| 490 | 1 | _aBiblioteca Letras del Exilio | |
| 650 | 4 |
_aCuentos escuatorianos _922781 |
|
| 650 | 4 |
_aLiteratura ecuatoriana _93938 |
|
| 700 | 1 |
_aCortazar, Julio, _epról. _922782 |
|
| 830 | 0 |
_aBiblioteca Letras del Exilio _922783 |
|
| 910 | _aCatalogación por copia / LC | ||
| 049 | _aBNGR | ||
| 999 |
_c8242 _d8242 |
||